000 00552 a2200157 4500
003 Nust
005 20170207154215.0
040 _cNust
082 _a378.4
245 _aInzibat 2005-2006
_cCorps of Military Police
260 _aRawalpindi
_bCorps of Military Police
_c2005
300 _a110 p.
505 _aMessages/Notes (page-7) Brainstorming Professional Articles (page-12) NON- Professional Articles (page-68) Distinguished Provosts (page-86) Pictorial Section (page-95)
538 _aAlmirah No. 117 shelf No. 2
650 _aCorps of Military Police
942 _2ddc
_cBK
999 _c195073
_d195073